Birds of the US - Blackbirds - Statistics

General Stats
  • This quiz has been taken 20 times
  • The average score is 18 of 23
Answer Stats
Species Common Name % Correct
Quiscalus quiscalus Common Grackle
100%
Quiscalus mexicanus Great-tailed Grackle
100%
Agelaius phoeniceus Red-winged Blackbird
100%
Icterus galbula Baltimore Oriole
93%
Icterus bullockii Bullock's Oriole
93%
Quiscalus major Boat-tailed Grackle
87%
Molothrus ater Brown-headed Cowbird
87%
Sturnella magna Eastern Meadowlark
87%
Agelaius tricolor Tricolored Blackbird
87%
Sturnella neglecta Western Meadowlark
87%
Xanthocephalus xanthocephalus Yellow-headed Blackbird
87%
Molothrus aeneus Bronzed Cowbird
73%
Icterus cucullatus Hooded Oriole
73%
Icterus spurius Orchard Oriole
73%
Dolichonyx oryzivorus Bobolink
67%
Euphagus cyanocephalus Brewer's Blackbird
67%
Euphagus carolinus Rusty Blackbird
67%
Icterus parisorum Yucca Oriole
67%
Icterus graduacauda Audubon's Oriole
60%
Molothrus bonariensis Shiny Cowbird
60%
Icterus gularis Altamira Oriole
53%
Sturnella lilianae Chihuahuan Meadowlark
53%
Icterus pectoralis Spot-breasted Oriole
53%
No matching quizzes found
Score Distribution
Percent of People with Each Score
Percentile by Number Answered
Your Score History
You have not taken this quiz